| 000 | 00396nam a2200157Ia 4500 | ||
|---|---|---|---|
| 008 | 221030s9999 xx 000 0 und d | ||
| 020 | _a0070421404 | ||
| 041 | _aEnglish | ||
| 082 |
_a105.23 _bPre |
||
| 100 | _aM. Predko | ||
| 245 | 0 |
_aProgramming & Customizing The 8051 Microcontroller _cby M. Predko |
|
| 260 |
_bTMH _aNew Delhi _c2005 |
||
| 300 | _a541 | ||
| 650 | _aBE Computer | ||
| 942 | _cBK | ||
| 999 |
_c3867 _d3867 |
||